[Event "ESP-chT CECLUB Honor"]
[Site "Linares"]
[Date "2015.08.15"]
[Round "1.1"]
[White "Ubilava, Elizbar"]
[Black "Argandona Riveiro, Inigo"]
[Result "1/2-1/2"]
[WhiteElo "2481"]
[BlackElo "2429"]
[PlyCount "60"]
[EventDate "2015.08.15"]
[EventType "team-tourn"]
[EventRounds "7"]
[EventCountry "ESP"]
[SourceTitle "EXT 2016"]
[Source "ChessBase"]
[SourceDate "2015.10.08"]
[SourceVersion "1"]
[SourceVersionDate "2015.10.08"]
[SourceQuality "1"]
[WhiteTeam "Solvay"]
[BlackTeam "Taldea Gros Xake"]
[WhiteTeamCountry "ESP"]
[BlackTeamCountry "ESP"]

1. d4 Nf6 2. c4 e5 3. Nf3 e4 4. Ng1 d5 5. Nc3 dxc4 6. Bg5 c6 7. e3 Be6 8. Bxf6 Qxf6 9. Nxe4 Bb4+ 10. Nc3 0-0 11. a3 Ba5 12. Be2 c5 13. Nf3 Nc6 14. 0-0 cxd4 15. Nxd4 Rfd8 16. Qa4 Nxd4 17. exd4 Bb6 18. d5 Bxd5 19. Nxd5 Rxd5 20. Qxc4 Rd2 21. b4 Re8 22. Bf3 Bxf2+ 23. Kh1 Qe6 24. Qxe6 fxe6 25. Bxb7 Red8 26. Bf3 e5 27. Rad1 g6 28. g3 Kg7 29. a4 Rxd1 30. Rxd1 Rxd1+ 1/2-1/2

[Event "Benasque op 35th"]
[Site "Benasque"]
[Date "2015.07.05"]
[Round "4"]
[White "Ubilava, Elizbar"]
[Black "Adhiban, Baskaran"]
[Result "1/2-1/2"]
[WhiteElo "2480"]
[BlackElo "2627"]
[PlyCount "43"]
[EventDate "2015.07.03"]
[EventType "swiss"]
[EventRounds "10"]
[EventCountry "ESP"]
[SourceTitle "CBM 167 Extra"]
[Source "ChessBase"]
[SourceDate "2015.09.14"]
[SourceVersion "1"]
[SourceVersionDate "2015.09.14"]
[SourceQuality "1"]

1. d4 Nf6 2. c4 g6 3. Nc3 Bg7 4. e4 d6 5. Nf3 0-0 6. Be2 e5 7. dxe5 dxe5 8. Qxd8 Rxd8 9. Nxe5 Nxe4 10. Nxe4 Bxe5 11. Bg5 Bxb2 12. Bxd8 Bxa1 13. Bxc7 Nc6 14. 0-0 Bd4 15. Rd1 Be6 16. Ng5 Re8 17. Ne4 Ra8 18. Ng5 Re8 19. Nxe6 Rxe6 20. Bf3 Be5 21. Bxe5 Rxe5 22. g3 1/2-1/2

[Event "ESP-chT CECLUB Honor"]
[Site "Linares"]
[Date "2013.09.12"]
[Round "5.3"]
[White "Gonzalez de la Torre, Santiago"]
[Black "Ubilava, Elizbar"]
[Result "1-0"]
[WhiteElo "2472"]
[BlackElo "2498"]
[PlyCount "108"]
[EventDate "2013.09.08"]
[EventType "team-tourn"]
[EventRounds "7"]
[EventCountry "ESP"]
[SourceTitle "CBM 156 Extra"]
[Source "ChessBase"]
[SourceDate "2013.10.22"]
[SourceVersion "1"]
[SourceVersionDate "2013.10.22"]
[SourceQuality "1"]
[WhiteTeam "Taldea Gros Xake"]
[BlackTeam "Solvay"]
[WhiteTeamCountry "ESP"]
[BlackTeamCountry "ESP"]

1. e4 e5 2. f4 exf4 3. Bc4 Nf6 4. Nc3 c6 5. Bb3 d5 6. exd5 cxd5 7. d4 Bd6 8. Nf3 0-0 9. 0-0 Be6 10. Ne5 Bxe5 11. dxe5 Ng4 12. Nxd5 Nc6 13. Bxf4 Bxd5 14. Qxg4 Bxb3 15. axb3 Qd4+ 16. Rf2 Nxe5 17. Qd1 Nc6 18. Qxd4 Nxd4 19. Rd2 Rfd8 20. Rad1 Ne6 21. Be3 b6 22. Kf2 Kf8 23. Kf3 Rxd2 24. Rxd2 Ke7 25. Ke4 Rc8 26. g4 Rc6 27. Kd5 Kd7 28. b4 Nc7+ 29. Ke4+ Ke7 30. b3 Re6+ 31. Kf3 Rf6+ 32. Kg3 Re6 33. Bf4 Ne8 34. c4 a6 35. Kf3 Re1 36. Be3 Rb1 37. Rd3 b5 38. Bc5+ Kf6 39. h4 Nc7 40. Bd4+ Ke6 41. Bb6 bxc4 42. bxc4 Rxb4 43. Bxc7 Rxc4 44. Bf4 Rc6 45. Re3+ Kd7 46. Be5 f6 47. Bd4 a5 48. Rb3 Ke7 49. Rb7+ Kf8 50. Ra7 h6 51. Rxa5 Kg8 52. Ra7 Kh7 53. Ke4 Re6+ 54. Kd5 Kg8 1-0

[Event "ESP-chT CECLUB Honor"]
[Site "Linares"]
[Date "2013.09.08"]
[Round "1.1"]
[White "Libiszewski, Fabien"]
[Black "Ubilava, Elizbar"]
[Result "1/2-1/2"]
[WhiteElo "2520"]
[BlackElo "2498"]
[PlyCount "68"]
[EventDate "2013.09.08"]
[EventType "team-tourn"]
[EventRounds "7"]
[EventCountry "ESP"]
[SourceTitle "CBM 156 Extra"]
[Source "ChessBase"]
[SourceDate "2013.10.22"]
[SourceVersion "1"]
[SourceVersionDate "2013.10.22"]
[SourceQuality "1"]
[WhiteTeam "Barcelona Escola Escacs"]
[BlackTeam "Solvay"]
[WhiteTeamCountry "ESP"]
[BlackTeamCountry "ESP"]

1. e4 e5 2. Nf3 Nc6 3. d4 exd4 4. Nxd4 Bb4+ 5. c3 Bc5 6. Be3 Bb6 7. Nf5 Bxe3 8. Nxe3 Nf6 9. f3 0-0 10. Be2 d6 11. 0-0 Re8 12. c4 Nh5 13. Nc3 Nf4 14. Ncd5 Nxe2+ 15. Qxe2 Ne5 16. Rad1 Be6 17. Nc3 Nd7 18. Qf2 a5 19. Nb5 a4 20. Rfe1 Ne5 21. Qc2 Ra5 22. Nd5 Bxd5 23. exd5 Re7 24. Re2 Ng6 25. Rde1 Rxe2 26. Qxe2 Ra8 27. Qe4 Qd7 28. f4 Rc8 29. Nc3 h6 30. g3 Nf8 31. Qe7 Qf5 32. Qe4 Qd7 33. Qe7 Qf5 34. Qe4 Qd7 1/2-1/2